| 000 | 00888nam a2200265 i 4500 | ||
|---|---|---|---|
| 001 | 15563 | ||
| 003 | ES-MaACL | ||
| 005 | 20230906151114.0 | ||
| 007 | t| | ||
| 008 | 000330s1999 sp ||||1| spa d | ||
| 020 | _a84-95171-01-5 | ||
| 080 | _a741.5.036(460) | ||
| 100 | 1 |
_aValls Vicente, María de los Angeles. _9112955 |
|
| 245 | 1 | 3 |
_aLa caricatura valenciana en la II República (1931-1939) / _cMª de los Angeles Valls Vicente ; prólogo de Magdalena Barril. |
| 260 |
_aValencia : _bAyuntamiento de Valencia, _c[1999] |
||
| 300 |
_a321 p. : _bil. ; _c25 cm. |
||
| 490 | 1 | _aColección Estudis | |
| 502 | _aBasado en la tesis de la autora. | ||
| 650 | 1 | 4 |
_aCaricatura- _zEspaña. _9145551 |
| 700 | 1 |
_aBarril, Magdalena. _925986 |
|
| 710 | 2 |
_aValencia. _bAyuntamiento. _97531 |
|
| 830 | 0 |
_aColección Estudis _9179255 |
|
| 852 |
_aES-MaACL _jL-22750 |
||
| 999 |
_c15563 _d15563 |
||